Online Catalogue and eLibrary

Naan poorva Bowuthan (Record no. 1371)

MARC details
000 -LEADER
fixed length control field 00391nam a2200157Ia 4500
005 - DATE AND TIME OF LATEST TRANSACTION
control field 20250429041728.0
008 - FIXED-LENGTH DATA ELEMENTS--GENERAL INFORMATION
fixed length control field 240331s9999 xx 000 0 und d
020 ## - INTERNATIONAL STANDARD BOOK NUMBER
ISBN 019013602X
082 ## - DDC Classification
Item Number - Author Mark DHA
Class No. 294
100 ## - MAIN ENTRY--PERSONAL NAME
Personal name Dharmarajan,T
245 #0 - TITLE STATEMENT
Title Naan poorva Bowuthan
260 ## - PUBLICATION, DISTRIBUTION, ETC.
Place of publication, distribution, etc. Madurai
Name of publisher, distributor, etc. Dr. Ambedlkar Cultural Academy ( DACA)
Date of publication, distribution, etc. 2003
300 ## - PHYSICAL DESCRIPTION
Extent (e.g. Volumes, Pages etc.) 96 p .,
650 ## - SUBJECT ADDED ENTRY--TOPICAL TERM
Topical term or geographic name entry element Religion
942 ## - Koha item type (Biblio)
Koha item type Books in Stacks (Lending)
Holdings
Lost status Damaged status Collection code Home library Current library Shelving location Date acquired Full call number Accession Number Item type
    Lending WERC Library WERC Library Social Science Cupboard 03/31/2024 294 DHA 4980 Books in Stacks (Lending)

© WERC Library